ბათუმის შოთა რუსთაველის სახელმწიფო უნივერსიტეტის ბიბლიოთეკა

Assistive technology for students who are blind or visually impaired : (ბიბ.ჩანაწერი № 58106)

000 -LEADER
fixed length control field 01259cam a2200217 a 4500
001 - CONTROL NUMBER
control field 15549887
005 - DATE AND TIME OF LATEST TRANSACTION
control field 20210616130248.0
008 - FIXED-LENGTH DATA ELEMENTS--GENERAL INFORMATION
fixed length control field 081209s2008 nyua b 001 0 eng
020 ## - INTERNATIONAL STANDARD BOOK NUMBER
International Standard Book Number 9780891288909
080 ## - UNIVERSAL DECIMAL CLASSIFICATION NUMBER
Universal Decimal Classification number 376-056.2+617.7 P-91
100 1# - MAIN ENTRY--PERSONAL NAME
Personal name Presley, Ike
Dates associated with a name
9 (RLIN) 12063
245 10 - TITLE STATEMENT
Title Assistive technology for students who are blind or visually impaired :
Remainder of title a guide to assessment /
Statement of responsibility, etc. Ike Presley and Frances Mary D'Andrea.
264 ## - PRODUCTION, PUBLICATION, DISTRIBUTION, MANUFACTURE, AND COPYRIGHT NOTICE
Place of production, publication, distribution, manufacture New York, NY :
Name of producer, publisher, distributor, manufacturer AFB Press,
Date of production, publication, distribution, manufacture, or copyright notice 2008.
300 ## - PHYSICAL DESCRIPTION
Extent 528 p. :
Other physical details ill. ;
Dimensions 29 cm.
653 ## - INDEX TERM--UNCONTROLLED
keyword მხედველობის შეზღუდული შესაძლებლობის მქონე პირები
653 ## - INDEX TERM--UNCONTROLLED
keyword Люди с нарушениями зрения
653 ## - INDEX TERM--UNCONTROLLED
keyword კომპიუტერიზირებული თვითდახმარების მოწყობილობები შეზღუდული შესაძლებლობის მქონე პირთათვის
653 ## - INDEX TERM--UNCONTROLLED
keyword Компьютеризированные устройства самопомощи для людей с ограниченными возможностями
700 1# - ADDED ENTRY--PERSONAL NAME
Personal name D'Andrea, Frances Mary,
Dates associated with a name
Relator term ავტორი
9 (RLIN) 12020
942 ## - ADDED ENTRY ELEMENTS (KOHA)
Source of classification or shelving scheme
Koha item type წიგნი
ეგზემპლარები
Withdrawn status Lost status Source of classification or shelving scheme Damaged status Not for loan Permanent Location Current Location Shelving location Date acquired Cost, normal purchase price Full call number Barcode Date last seen Copy number Price effective from Koha item type Public note
          ბათუმის შოთა რუსთაველის სახელმწიფო უნივერსიტეტის მთავარი ბიბლიოთეკა ბათუმის შოთა რუსთაველის სახელმწიფო უნივერსიტეტის მთავარი ბიბლიოთეკა წიგნსაცავი 2021-06-16 309.00 376-056.2+617.7 P-91 61399 2021-06-16 61399 2021-06-16 წიგნი 309 ლ.